[Event "Manaus Amazonas-ch sf"]
[Site "Manaus"]
[Date "2018.09.05"]
[Round "1"]
[White "Da Paz, Leonardo Gadelha"]
[Black "Feitosa Parente, Rangel Magno"]
[Result "1-0"]
[WhiteElo "2079"]
[BlackElo "1800"]
[PlyCount "43"]
[EventDate "2018.09.05"]
[EventType "swiss"]
[EventRounds "6"]
[EventCountry "BRA"]
[SourceTitle "CBM 187 Extra"]
[Source "ChessBase"]
[SourceDate "2018.11.04"]
[SourceVersion "1"]
[SourceVersionDate "2018.11.04"]
[SourceQuality "1"]

1. e4 e5 2. Nf3 Nc6 3. Bb5 d6 4. d4 Qe7 5. d5 a6 6. Ba4 b5 7. dxc6 bxa4 8. Nc3 d5 9. Nxd5 Qd6 10. 0-0 Qxc6 11. Nxe5 Qd6 12. Bf4 Ra7 13. Nxf7 Qg6 14. Nxh8 Bh3 15. Nxg6 Bd6 16. Qd4 Rb7 17. Qxg7 hxg6 18. Qxg8+ Kd7 19. Nf6+ Kc6 20. Qd5+ Kb6 21. Be3+ c5 22. Qxd6+ 1-0